00683nam a22002297a 450000500170000001000130001702000090003003500130003903700160005204000120006808200190008010000390009924500580013824600450019626000620024127000450030330000210034865000210036965000210039065000210041165000210043220170123162350.0 aA-521729 c6.00 aA-521729 bCen Lib/Ret aDPLbUR a080bن خ ل  aسیّد ثاقب حسن رضوی  a/ نخلستان cسیّد ثاقب حسن رضوی  aNakhlistaan /bSaiyad Saqib hasan Rizwi  aجے پر b راجستھان اردو اکادمیc1987 aسبھاش مارگ bجے پر e302001 a152p.c20cm(pbk) aاردو ادب  aاردو ادب  aUrdu Literatures aUrdu Literatures